| 000 | 01348nam a2200277 i 4500 | ||
|---|---|---|---|
| 001 | 166982 | ||
| 003 | ES-MaACL | ||
| 005 | 20250803063059.0 | ||
| 008 | 010103s1887 sp abef |||| | spa d | ||
| 040 |
_aCCPB | B _bspa _cES-MaACL |
||
| 080 | _a913(460.35)"18"(036) | ||
| 100 | 1 |
_aValverde y Álvarez, Emilio, _d1848-1894 _eaut _9133538 |
|
| 245 | 1 | 0 |
_aGuía del antiguo reino de Andalucía : _bprovincias de Sevilla, Córdoba, Cádiz, Huelva, Granada, Jaén, Málaga y Almería ; ilustrada con mapas, planos y grabados ; viaje geográfico, artístico y pintoresco / _cEmilio Valverde y Álvarez |
| 260 |
_aMadrid : _b[s.n., _cca. 1887] _f(Imp. de Fernando Cao y Domingo de Val) |
||
| 300 |
_aPáginas [329]-586 : _bilustraciones ; _c18 cm |
||
| 490 | 1 | _aGuía práctico Valverde | |
| 530 | _3Disponible en formato digital | ||
| 599 | _aGrab. y planos: litogr., de Sevilla, Córdoba, Cádiz, Huelva, Granada, Jaén, Málaga y Almería | ||
| 651 | 4 |
_aAndalucía- _vGuías turísticas _97769 |
|
| 830 | 0 |
_aGuía práctico Valverde _9188633 |
|
| 852 |
_aES-MaACL _cSPAL _jC-278 _xHolandesa, conservando cub. original |
||
| 856 | 4 |
_uhttps://bdh-rd.bne.es/viewer.vm?id=0000257824&page=1 _yVersión en línea _z(Biblioteca Digital Hispánica) |
|
| 942 |
_cMONANT _n0 |
||
| 999 |
_c166982 _d166982 |
||